000 00313nam a22001457a 4500
008 210519b ||||| |||| 00| 0 eng d
020 _a9781465408419
041 _aeng
080 _a91
082 _a91
100 _a42
101 _aGJEO
245 _aThe Conquest of the Ocean
_cLavery,B
942 _2udc
_cBK
999 _c57472
_d57472